Studies on Greek and Coptic Majuscule Scripts and Books.

The series publishes monographs and collective volumes contributing to the emerging field of manuscript studies (manuscriptology), which includes disciplines such as philology, palaeography, codicology, art history, and material analysis. SMC encourages comparative approaches, without geographical o...

Full description

Bibliographic Details
Main Author: Orsini, Pasquale.
Format: eBook
Language:English
Published: Berlin/Boston : Walter de Gruyter GmbH, 2018.
Edition:1st ed.
Series:Studies in Manuscript Cultures Series
Subjects:
Online Access:Click to View
LEADER 02502nam a22003973i 4500
001 EBC5507664
003 MiAaPQ
005 20231204023214.0
006 m o d |
007 cr cnu||||||||
008 231204s2018 xx o ||||0 eng d
020 |a 9783110575446  |q (electronic bk.) 
020 |z 9783110575408 
035 |a (MiAaPQ)EBC5507664 
035 |a (Au-PeEL)EBL5507664 
035 |a (OCoLC)1078913510 
040 |a MiAaPQ  |b eng  |e rda  |e pn  |c MiAaPQ  |d MiAaPQ 
100 1 |a Orsini, Pasquale. 
245 1 0 |a Studies on Greek and Coptic Majuscule Scripts and Books. 
250 |a 1st ed. 
264 1 |a Berlin/Boston :  |b Walter de Gruyter GmbH,  |c 2018. 
264 4 |c Ã2019. 
300 |a 1 online resource (276 pages) 
336 |a text  |b txt  |2 rdacontent 
337 |a computer  |b c  |2 rdamedia 
338 |a online resource  |b cr  |2 rdacarrier 
490 1 |a Studies in Manuscript Cultures Series ;  |v v.15 
505 0 |a Intro -- Contents -- Introduction -- 1. The Scripts of the Nag Hammadi Codices -- 2. The Scripts of the Bodmer Papyri89 -- 3. Greek Biblical Majuscule -- 4. Coptic Biblical Majuscule -- 5. Sloping Pointed Majuscule -- 6. Liturgical Majuscule -- 7. Decorated Liturgical Majuscule -- Glossary of Palaeographical Terms employed in the Text -- References -- List of Papyri and Manuscripts -- About the Author. 
520 |a The series publishes monographs and collective volumes contributing to the emerging field of manuscript studies (manuscriptology), which includes disciplines such as philology, palaeography, codicology, art history, and material analysis. SMC encourages comparative approaches, without geographical or other limitations on the material studied; it contributes to a historical and systematic survey of manuscript cultures, and provides a new foundation for current discussions in Cultural Studies. 
588 |a Description based on publisher supplied metadata and other sources. 
590 |a Electronic reproduction. Ann Arbor, Michigan : ProQuest Ebook Central, 2023. Available via World Wide Web. Access may be limited to ProQuest Ebook Central affiliated libraries.  
655 4 |a Electronic books. 
776 0 8 |i Print version:  |a Orsini, Pasquale  |t Studies on Greek and Coptic Majuscule Scripts and Books  |d Berlin/Boston : Walter de Gruyter GmbH,c2018  |z 9783110575408 
797 2 |a ProQuest (Firm) 
830 0 |a Studies in Manuscript Cultures Series 
856 4 0 |u https://ebookcentral.proquest.com/lib/matrademy/detail.action?docID=5507664  |z Click to View